Nastavenie poplatkov za znečisťovanie ovzdušia na Slovensku diplomová práca

Salvato in:
Dettagli Bibliografici
Autore principale: Copková, Andrea
Ente Autore: Národohospodárska fakulta EU. Katedra hospodárskej politiky
Altri autori: Pobudová, Daniela, 1982-
Natura: Libro
Lingua:slovacco
Pubblicazione: Bratislava 2018
Tags: Aggiungi Tag
Nessun Tag, puoi essere il primo ad aggiungerne!!

MARC

LEADER 00000nbm a2200000 4500
001 0244390
005 20181114081029.5
041 0 |a slo 
044 |a SK 
245 1 0 |a Nastavenie poplatkov za znečisťovanie ovzdušia na Slovensku  |b diplomová práca  |c Andrea Copková ; školiteľ: Daniela Pobudová 
264 1 |a Bratislava  |c 2018 
300 |a 60 s. 
100 1 |a Copková, Andrea 
700 1 |a Pobudová, Daniela, 1982- 
710 2 |a Národohospodárska fakulta EU. Katedra hospodárskej politiky